Illustrated genera of imperfect fungi

Guardat en:
Dades bibliogràfiques
Autor principal: Barnett, H. L (Autor)
Format: Llibre
Idioma:anglès
Publicat: Minneapolis Burgess Publishing Company 1960
Edició:2a. ed
Matèries:
Etiquetes: Afegir etiqueta
Sense etiquetes, Sigues el primer a etiquetar aquest registre!

MARC

LEADER 00000nam a2200000 a 4500
001 UCR5327
003 CL-VaPUC
008 980327e19600000US |||||||||||||||||eng|d
082 0 4 |a 589.24  |b BAR  |2 21 
100 0 |a Barnett, H. L  |e author  |9 406105 
245 1 0 |a Illustrated genera of imperfect fungi 
250 |a 2a. ed 
300 |a 225 p 
942 |c BK 
945 |d 19980327 00:00:00  |a crobeson 
260 |a Minneapolis  |b Burgess Publishing Company  |c 1960 
650 7 |a HONGOS IMPERFECTOS  |2 CL-VaPUC  |9 406106 
650 0 |a Hongos  |9 261629 
583 |a last modification  |c 19980327 00:00:00  |k Rodrigo Vera 
999 |c 267942  |d 267940 
952 |0 0  |1 0  |4 0  |6 589_240000000000000_BAR_1960  |7 0  |8 A  |9 300780  |a BIBALI  |b BIBALI  |c GEN  |d 2019-11-20  |i 1973207  |o 589.24 BAR 1960  |p 1973207  |r 2025-01-20  |w 2019-11-20  |y BK  |k ALI